Communes de la Loire-Atlantique (44) de plus de 10000 habitants - Statistiques

Statistiques générales
  • Ce quiz a été pris 140 fois
  • Le résultat moyen est 13 sur 23
Statistiques - réponses
Habitants Commune % Correct
325070 (préfecture) Nantes
100%
73111 Saint-Nazaire
98%
43349 Rezé
90%
50561 Saint-Herblain
90%
28341 Orvault
79%
18382 Pornic
72%
12231 Châteaubriant
71%
20535 Carquefou
70%
26048 Vertou
70%
28373 Saint-Sébastien-sur-Loire
64%
20590 Bouguenais
58%
20483 La Chapelle-sur-Erdre
53%
16684 Guérande
51%
23541 Couëron
49%
12530 Pornichet
49%
16613 La Baule-Escoublac
47%
16227 Sainte-Luce-sur-Loire
43%
10352 Blain
41%
14645 Saint-Brevin-les-Pins
41%
11249 Pontchâteau
40%
11346 Ancenis-Saint-Géréon
27%
10956 Thouaré-sur-Loire
26%
10414 Treillières
19%
Aucun quiz correspondant
Distribution des résultats
% des personnes avec chaque résultat
Percentile par nombre de réponses
Votre historique - résultats
Vous n’avez pas pris ce quiz